| 000 | 00797cam a2200265 a 4500 | ||
|---|---|---|---|
| 001 | 000015990 | ||
| 005 | 20200929164228.0 | ||
| 008 | 741108s1974 sp b 001 0 spa d | ||
| 015 | _aSp*** | ||
| 020 | _a8437600073 | ||
| 035 | _a(OCoLC)1070125 | ||
| 040 |
_aDO-SdBNP _cNRU _dOCoLC _dDLC |
||
| 042 | _apremarc | ||
| 082 |
_a189.5 _bC572i |
||
| 100 | 1 |
_aCilveti, Ángel L. _935924 |
|
| 245 | 1 | 0 |
_aIntroducción a la mística española / _cÁngel L. Cilveti. |
| 260 |
_aMadrid : _bCátedra, _c1974. |
||
| 300 |
_a239 p. ; _c21 cm. |
||
| 504 | _aIncluye referencias bibliográficas (p. 235-236). | ||
| 650 | 4 |
_aMisticismo _zEspaña _935925 |
|
| 650 | 4 |
_aMisticismo _xEdad media _935926 |
|
| 650 | 4 |
_aMisticismo _xEdad moderna _935927 |
|
| 910 | _aCatalogación por copia / LC | ||
| 049 | _aBNGR | ||
| 999 |
_c15532 _d15532 |
||